00784 2200265 4500001002100000005001700021020002200038035002400060040001200084082001700096084002100113090002100134100002600155245011200181250001100293260003700304300003400341500003100375650001800406700001700424700002500441850001200466990002000478990002000498YOGYA00000000009869620140920102125.0 a978-602-19898-5-2 0010-021400000000208 aYOPDYOG 2[22]a297.54 aDEP 297.54 Can S aDEP 297.54 Can S aCANDRA HIRMAWAN,1981- aSedekahb: Hidup berkah rezeki melimpahcCandra Hirmawan & Neti Suriana ; penyunting, Danang Budi Nurcahyo. aCet. 1 aYogyakartabPustaka Albanac2013 aix, 141 hlm.c23 cm. (2 eks.) aBibliografi : hlm. 140-141 aIslam-Sedekah aNeti Suriana aDanang Budi Nurcahyo aYOPDYOG aCB-D.112013-450 aCB-D.112013-469